Sports Quiz

Random Sports or Country Quiz

Spain vs. Italy Quiz Stats

 Plays Quiz Updated Feb 7, 2020

Support Sporcle.
Go Orange.
Score 0/20 Timer 04:00
0 Plays Today
Country Fact % Correct
SpainGroup C
94.9%
ItalyGroup C
94.9%
Spain2, (1964 & 2008)
90.4%
Italy1, (1968)
90%
ItalyGermany
86.7%
SpainPortugal
80.8%
SpainXabi Alonso
80.7%
ItalyEngland
78.2%
ItalyGianluigi Buffon
74.2%
ItalyGianluigi Buffon
74.2%
Country Fact % Correct
SpainFernando Torres
73.7%
SpainFrance
73.1%
SpainIker Casillas
71.2%
ItalyMario Balotelli
67.6%
SpainCamp Nou
59.8%
SpainVicente del Bosque
58.6%
SpainDavid Villa
54.4%
ItalySan Siro
51.1%
ItalyCesare Prandelli
32.6%
ItalyLuigi Riva
9.9%

You're not logged in!

Compare scores with friends on all Sporcle quizzes.
OR
Log In
Forgot?

From the Vault

Movies with a Common Word II

by livicj5

Movies 7m
Hollywood just can't seem to come up with original movie titles.
Remove Ads.
Support Sporcle.
Get the best of Sporcle when you Go Orange. This ad-free experience offers more features, more stats, and more fun while also helping to support Sporcle. Thank you for becoming a member.

Show Comments

Extras

Top Quizzes Today


Score Distribution

Your Account Isn't Verified!

In order to create a playlist on Sporcle, you need to verify the email address you used during registration. Go to your Sporcle Settings to finish the process.

Report this User

Report this user for behavior that violates our Community Guidelines.

Details: